01013nab a2200265 uc450000100070000000500170000700800410002403500110006503500210007604000130009704100080011010000410011824501150015965000400027465000380031465000350035265000470038765000290043465000410046365000330050470000460053777301350058394200100071899900190072894086620250225154614.0050823e20040305 por  a940866 a(OCoLC)820331458 ccomduadb apor10aMascarenhas, A. S.4auteaut953396210aAvaliacao da concentracao de mercurio em sedimentos e material particulado no rio Acre, estado do Acre, Brasil aContaminación por mercurio954114 aConcentración de metales961522 aContaminacion de peces9137265 aContaminacion del agua por mercurio947195 aAmazonas (Brasil)955947 7aSedimentos (Geología)2lemb933310 7aContaminación2lemb95864110aBrabo, Edilson da Silva4auteaut94014570 tActa Amazonica (Manaus)gVolumen 34, Número 01, Enero-Marzo 2004, p. 61-68w(CO-MdUADB)198142x0044-59670881289660206o0545514 cARIMP c357937d357937